Traité de thérapeutique et de matière médicale / (Record no. 166676)

MARC details
000 -LEADER
campo de control de longitud fija 00824nam a2200229 i 4500
001 - NÚMERO DE CONTROL
campo de control 166676
003 - IDENTIFICADOR DE NÚMERO DE CONTROL
campo de control ES-MaACL
005 - FECHA Y HORA DE LA ÚLTIMA TRANSACCIÓN
campo de control 20250928132534.0
008 - DATOS DE LONGITUD FIJA--INFORMACIÓN GENERAL
campo de control de longitud fija 050919s1847 fr | |||||||| ||fre d
040 ## - FUENTE DE CATALOGACIÓN
Centro catalogador/agencia de origen CAM
Lengua de catalogación spa
Centro/agencia transcriptor CAM
100 1# - ENTRADA PRINCIPAL--NOMBRE DE PERSONA
Nombre de persona Trousseau, Armand,
Fechas asociadas al nombre 1801-1867
9 (RLIN) 133393
245 10 - MENCIÓN DEL TÍTULO
Título Traité de thérapeutique et de matière médicale /
Mención de responsabilidad, etc. par A. Trousseau et H. Pidoux.
250 ## - MENCION DE EDICION
Mención de edición 3e éd. rev. et corr.
260 ## - PUBLICACIÓN, DISTRIBUCIÓN, ETC.
Lugar de publicación, distribución, etc. Paris :
Nombre del editor, distribuidor, etc. Béchet Jeune, libraire-éditeur,
Fecha de publicación, distribución, etc. 1847 (
Fabricante Imprimerie de Fain et Thunot)
300 ## - DESCRIPCIÓN FÍSICA
Extensión v. ;
Dimensiones 22 cm.
597 ## - NOTA DE DESCRIPCIÓN FÍSICA
NOTA DE DESCRIPCIÓN FÍSICA T. I. (LXXIV, 895 p.)
650 04 - PUNTO DE ACCESO ADICIONAL DE MATERIA--TÉRMINO DE MATERIA
Término de materia o nombre geográfico como elemento de entrada Terapéutica.
9 (RLIN) 17479
650 #4 - PUNTO DE ACCESO ADICIONAL DE MATERIA--TÉRMINO DE MATERIA
Término de materia o nombre geográfico como elemento de entrada Materia médica.
9 (RLIN) 161958
700 1# - ENTRADA AGREGADA--NOMBRE PERSONAL
Nombre de persona Pidoux, Hermann,
Fechas asociadas al nombre 1808-1882
9 (RLIN) 131141
852 ## - LOCALIZACIÓN
Ubicación ES-MaACL
Número de control de estantería G-15232
Nota libre -- Enc. hol.
condición física -- Contiene únicamente T. I
Holdings
Estatus retirado Estado de pérdida Estado de daño No para préstamo Colección Biblioteca de origen Biblioteca actual Ubicación en estantería Fecha de adquisición Fuente de adquisición Total de préstamos Signatura topográfica completa Código de barras Visto por última vez Precio de reemplazo Tipo de ítem Koha
        Libros del s. XIX Biblioteca del Ateneo de Madrid Biblioteca del Ateneo de Madrid Sala Pecera Planta 3 17/01/2008     G-15232 1174809 23/02/2023 23/02/2023 Libro impreso antiguo